00676nam a2200133 4500008004100000082001800041245021000059260008500269300003100354650002500385650004800410650005400458650003000512231219b |||||||| |||| 00| 0 eng d a363.3492bAFT aAfter the big wave : mothers, fathers, children : ba study on the coping strategies of widowers, widows, and their children affected by the tsunami in Sri Lanka, conducted in Ampara, Batticaloa, and Galle aNew Delhi : bUNIFEM : Social and Human Resource Development Consultants, c2006 a83 p. : col. ill. ; 31 cm. aIndian Ocean Tsunami aDisaster victims--Rehabilitation--Sri Lanka aDisaster victims--Sri Lanka-Psychological aspects aTsunami relief--Sri Lanka